000 00463nam a2200157 4500
001 108464
003 ES-MaACL
005 20230906184639.0
007 t|
008 061121s1962 sp r ||||1| spa d
100 1 _aMontero Palacios, Francisco.
_982535
245 1 0 _aProcedimiento en materia de propiedad intelectual /
_cFrancisco Montero Palacios.
260 _aMadrid :
_bReus,
_c1962.
300 _a157 p. ;
_c24 cm.
852 _aES-MaACL
_jC-22523
_bR.50490
999 _c108464
_d108464